LEADER 01271nam0 22002771i 450 001 UON00190812 005 20231205103213.962 100 $a20030730d1957 |0itac50 ba 101 $aeng 102 $aGB 105 $a|||| 1|||| 200 1 $aˆThe ‰complete poetical works of Samuel Taylor Coleridge$eincluding poems and versions of poems now published for the first time. 1.: Poems$fedited with textual and bibliographical notes by Ernest Hartley Coleridge 210 $aOxford$cClarendon Press$d1957 215 $axxvi, 492 p.$cill.$d23 cm. 464 1$1001UON00435944$12001 $aˆ1.: ‰Poems$fSamuel Taylor Coleridge$v 620 $aGB$dOxford$3UONL000029 676 $a820$cLetteratura inglese e antico inglese$v21 700 1$aCOLERIDGE$bSamuel Taylor$3UONV111877$0163475 702 1$aCOLERIDGE$bErnest Hartley$3UONV111902 712 $aClarendon Press$3UONV246509$4650 801 $aIT$bSOL$c20240220$gRICA 899 $aSIBA - SISTEMA BIBLIOTECARIO DI ATENEO$2UONSI 912 $aUON00190812 950 $aSIBA - SISTEMA BIBLIOTECARIO DI ATENEO$dSI Angl IV A COL 35 $eSI MR 59179 5 35 996 $aComplete poetical works of Samuel Taylor Coleridge$91293228 997 $aUNIOR